Hacia una vejez dichosa / (Record no. 27601)

MARC details
000 -LEADER
campo de control de longitud fija 00735nam a2200217 i 4500
001 - NÚMERO DE CONTROL
campo de control 27601
003 - IDENTIFICADOR DE NÚMERO DE CONTROL
campo de control ES-MaACL
005 - FECHA Y HORA DE LA ÚLTIMA TRANSACCIÓN
campo de control 20250929063055.0
007 - CAMPO FIJO DE DESCRIPCIÓN FÍSICA--INFORMACIÓN GENERAL
campo de control de longitud fija t|
008 - DATOS DE LONGITUD FIJA--INFORMACIÓN GENERAL
campo de control de longitud fija 030115s1972 sp ||||1| spa d
100 1# - ENTRADA PRINCIPAL--NOMBRE DE PERSONA
Nombre de persona Auclair, Marcelle,
Fechas asociadas al nombre 1899-1983
9 (RLIN) 23836
245 10 - MENCIÓN DEL TÍTULO
Título Hacia una vejez dichosa /
Mención de responsabilidad, etc. Marcelle Auclair ; traducción... Mercedes Lloret Compte ; ilustraciones de Etienne de la Gorce.
260 ## - PUBLICACIÓN, DISTRIBUCIÓN, ETC.
Lugar de publicación, distribución, etc. Barcelona :
Nombre del editor, distribuidor, etc. Iberia,
Fecha de publicación, distribución, etc. [1972]
300 ## - DESCRIPCIÓN FÍSICA
Extensión 290 p. :
Otras características físicas il. ;
Dimensiones 20 cm.
650 #4 - PUNTO DE ACCESO ADICIONAL DE MATERIA--TÉRMINO DE MATERIA
Término de materia o nombre geográfico como elemento de entrada Mujeres-
Subdivisión general Salud e higiene.
9 (RLIN) 140598
650 #4 - PUNTO DE ACCESO ADICIONAL DE MATERIA--TÉRMINO DE MATERIA
Término de materia o nombre geográfico como elemento de entrada Ancianos.
9 (RLIN) 9807
700 1# - ENTRADA AGREGADA--NOMBRE PERSONAL
Nombre de persona Lloret Compte, Mercedes.
9 (RLIN) 72922
700 1# - ENTRADA AGREGADA--NOMBRE PERSONAL
Nombre de persona La Gorce, Etiénne de.
9 (RLIN) 59132
852 ## - LOCALIZACIÓN
Ubicación ES-MaACL
Número de control de estantería C-51719
Sublocalización o colección R.82012
Holdings
Estatus retirado Estado de pérdida Estado de daño No para préstamo Biblioteca de origen Biblioteca actual Ubicación en estantería Fecha de adquisición Fuente de adquisición Total de préstamos Signatura topográfica completa Código de barras Visto por última vez Precio de reemplazo Tipo de ítem Koha
        Biblioteca del Ateneo de Madrid Biblioteca del Ateneo de Madrid Depósito 2 17/01/2008     C-51719 1028502 23/02/2023 23/02/2023 Libro impreso